Site of terror attacks rejected (Record no. 71155)
[ view plain ]
| 000 -LEADER | |
|---|---|
| fixed length control field | 01134cam a2200241 4500 |
| 001 - CONTROL NUMBER | |
| control field | WB3834-06 |
| 008 - FIXED-LENGTH DATA ELEMENTS--GENERAL INFORMATION | |
| fixed length control field | 020917n2002 000 0 eng u |
| 035 ## - SYSTEM CONTROL NUMBER | |
| System control number | (Sirsi) u119707 |
| 245 ## - TITLE STATEMENT | |
| Title | Site of terror attacks rejected |
| 260 ## - PUBLICATION, DISTRIBUTION, ETC. | |
| Date of publication, distribution, etc. | 2002 |
| 490 ## - SERIES STATEMENT | |
| Series statement | NYMTC Press Release |
| Volume/sequential designation | 4 September 2002, (4) |
| 520 ## - SUMMARY, ETC. | |
| Summary, etc. | A report by the New York Metropolitan Transportation Council (NYMTC) reveals less than a third of companies that had offices destroyed or damaged by the World Trade Center terrorist attacks have returned to Manhattan. "Inventory of affected businesses: their characteristics and aftermath" tracks displaced firms and jobs to analysis the impact of the terrorist attacks on employment, floorspace and travel patterns. Inventory available at www.nymtc.org/files/Inventory_of_Affected_Businesses.pdf www.nymtc.org/files/wtc_inventory_release_904.doc |
| 590 ## - LOCAL NOTE (RLIN) | |
| Local note | WB |
| 650 ## - SUBJECT ADDED ENTRY--TOPICAL TERM | |
| Topical term or geographic name entry element | TERRORISM |
| 650 ## - SUBJECT ADDED ENTRY--TOPICAL TERM | |
| Topical term or geographic name entry element | RELOCATION |
| 650 ## - SUBJECT ADDED ENTRY--TOPICAL TERM | |
| Topical term or geographic name entry element | WORLD TRADE CENTER |
| 650 ## - SUBJECT ADDED ENTRY--TOPICAL TERM | |
| Topical term or geographic name entry element | OCCUPIERS |
| 650 ## - SUBJECT ADDED ENTRY--TOPICAL TERM | |
| Topical term or geographic name entry element | NEW YORK |
| 650 ## - SUBJECT ADDED ENTRY--TOPICAL TERM | |
| Topical term or geographic name entry element | MANHATTAN |
| 650 ## - SUBJECT ADDED ENTRY--TOPICAL TERM | |
| Topical term or geographic name entry element | OFFICE SPACE |
| 690 ## - LOCAL SUBJECT ADDED ENTRY--TOPICAL TERM (OCLC, RLIN) | |
| Topical term or geographic name as entry element | PROPERTY-COMMERCIAL PROPERTY |
| 942 ## - ADDED ENTRY ELEMENTS (KOHA) | |
| Suppress in OPAC | 0 |
| Withdrawn status | Lost status | Source of classification or shelving scheme | Damaged status | Not for loan | Home library | Current library | Shelving location | Date acquired | Total Checkouts | Full call number | Barcode | Date last seen | Copy number | Price effective from | Koha item type |
|---|---|---|---|---|---|---|---|---|---|---|---|---|---|---|---|
| Dewey Decimal Classification | London | London | News article | 17/09/2002 | WB3834-06 | 119707-1001 | 06/08/2019 | 1 | 06/08/2019 | News article |